000 00398nam a22001697a 4500
005 20180327160404.0
008 160511b xxu||||| |||| 00| 0 eng d
020 _a0-07-022092-1
041 _aeng
082 _b1315
_a338.7
100 _aPaul Justin
_9371
245 _aBusiness Enviroment
260 _aNew Delhi
_bTata MC Graw Hill,
300 _a489
650 _aManagement
_9241
942 _cBK
999 _c578
_d578